|
|
|
|
| LEADER |
00000nam0a2200000 4500 |
| 001 |
226462 |
| 005 |
20231101230730.0 |
| 035 |
|
|
|a (RuTPU)RU\TPU\book\246837
|
| 090 |
|
|
|a 226462
|
| 100 |
|
|
|a 20121122d1928 m y0rusy50 ca
|
| 101 |
0 |
|
|a rus
|
| 102 |
|
|
|a RU
|
| 105 |
|
|
|a a j 000zy
|
| 200 |
1 |
|
|a Термодинамика
|e [учебное пособие]
|f Н. А. Быков
|
| 210 |
|
|
|a Москва
|a Ленинград
|c Госиздат
|d 1928
|
| 215 |
|
|
|a 408 с.
|c ил.
|e диаграммы
|
| 225 |
1 |
|
|a Пособия для высшей школы
|
| 606 |
1 |
|
|a Термодинамика
|2 stltpush
|3 (RuTPU)RU\TPU\subj\59922
|9 77416
|
| 610 |
1 |
|
|a учебные пособия
|
| 610 |
1 |
|
|a законы
|
| 610 |
1 |
|
|a уравнения
|
| 610 |
1 |
|
|a энергия
|
| 610 |
1 |
|
|a энтропия
|
| 610 |
1 |
|
|a газы
|
| 610 |
1 |
|
|a пары
|
| 610 |
1 |
|
|a свойства
|
| 610 |
1 |
|
|a процессы
|
| 610 |
1 |
|
|a течение
|
| 675 |
|
|
|a 536.7(075.8)
|v 3
|
| 700 |
|
1 |
|a Быков
|b Н. А.
|
| 801 |
|
1 |
|a RU
|b 63413507
|c 20121122
|
| 801 |
|
2 |
|a RU
|b 63413507
|c 20180618
|g RCR
|
| 942 |
|
|
|c BK
|